000 00719nam a2200181Ia 4500
008 090124s9999 xx 000 0 und d
082 _b36830
100 _aदेशपांडे श्रीकांत राजाराम
245 _a महाभारत रहस्य
250 _a1
260 _bसंयम प्रकाशन ा
_c2000
300 _a736
600 _aदेशपांडे श्रीकांत राजाराम
630 _a महाभारत रहस्य
700 _aदेशपांडे श्रीकांत राजाराम
730 _a महाभारत रहस्य
942 _cBOOK
999 _c102839
_d102839